Add the Words 'In', 'Out' or 'Up' Quiz Stats

 Plays Quiz Updated Jan 14, 2019

Support Sporcle.
Go Orange.
Score 0/16 Timer 05:00
1 Play Today
Hint 1 Word % Correct
+ 'OUT': Into the trash binThrow
90.9%
+ 'UP': The second-floor apartmentWalk
86.2%
+ 'IN': Surrendering to something enjoyableGive
85%
+ 'OUT': The team didn't score a pointShut
83.3%
+ 'OUT': George Foreman, to Muhammad AliKnocked
82.6%
+ 'IN': Protest posture: on the floorSit
82.1%
+ 'IN': When you arrive at the doctor's officeCheck
81.5%
+ 'UP': The comedian's early daysStand
81.3%
Hint 1 Word % Correct
+ 'IN': In a hole, by accidentFall
77.4%
+ 'IN': To a sports radio talk showCall
72.5%
+ 'UP': Putting on lipstickMake
69.1%
+ 'OUT': CouchPull
62.7%
+ 'IN': A dress, for a dieterTake
58.4%
+ 'OUT': Preferred method of travel for LudacrisRoll
52.2%
+ 'IN': No need for appointmentsDrop
48.8%
+ 'IN': For the hot TV showTune
31.8%

You're not logged in!

Compare scores with friends on all Sporcle quizzes.
OR
Log In

From the Vault

Opening Lyrics - Christmas Songs

by NYYanks

With Christmas season in full swing, these songs should all be stuck in your head by now.
Remove Ads.
Support Sporcle.
Get the best of Sporcle when you Go Orange. This ad-free experience offers more features, more stats, and more fun while also helping to support Sporcle. Thank you for becoming a member.

Show Comments

Extras

Top Quizzes Today


Score Distribution

Your Account Isn't Verified!

In order to create a playlist on Sporcle, you need to verify the email address you used during registration. Go to your Sporcle Settings to finish the process.

Report this User

Report this user for behavior that violates our Community Guidelines.

Details: